<?xml version="1.0" encoding="utf-8"?>
<?xml-stylesheet type='text/xsl' href='./oai2.xsl'?>
<OAI-PMH xmlns="http://www.openarchives.org/OAI/2.0/" xmlns:xsi="http://www.w3.org/2001/XMLSchema-instance" xsi:schemaLocation="http://www.openarchives.org/OAI/2.0/ http://www.openarchives.org/OAI/2.0/OAI-PMH.xsd">
  <responseDate>2026-06-07T15:54:51Z</responseDate>
  <request verb="GetRecord" metadataPrefix="marcxml" identifier="record_kuniweb_1476023">https://kulturerbe.niedersachsen.de/oai</request>
  <GetRecord>
    <record>
      <header>
        <identifier>record_kuniweb_1476023</identifier>
        <datestamp>2026-03-31T19:09:18Z</datestamp>
        <setSpec>slg0186</setSpec>
      </header>
      <metadata>
        <marc:record xmlns:marc="http://www.loc.gov/MARC21/slim" xsi:schemaLocation="http://www.loc.gov/MARC21/slim http://www.loc.gov/standards/marcxml/schema/MARC21slim.xsd">
          <marc:leader>12345nrm  22     uu 4500</marc:leader>
          <marc:controlfield tag="001">1476023</marc:controlfield>
          <marc:controlfield tag="003">http://kuniweb.gbv.de</marc:controlfield>
          <marc:controlfield tag="005">2023-09-20T17:06:56</marc:controlfield>
          <marc:controlfield tag="008">|           ||||||||||||||||||||||</marc:controlfield>
          <marc:datafield tag="245" ind1="1" ind2="0">
            <marc:subfield code="a">Kommodenschrank mit Perlmosaik</marc:subfield>
          </marc:datafield>
          <marc:datafield tag="720" ind1=" " ind2=" ">
            <marc:subfield code="a">Manufaktur van Selow</marc:subfield>
          </marc:datafield>
          <marc:datafield tag="655" ind1=" " ind2="7">
            <marc:subfield code="a">Kunsthandwerk</marc:subfield>
          </marc:datafield>
          <marc:datafield tag="046" ind1=" " ind2=" ">
            <marc:subfield code="k">1760</marc:subfield>
            <marc:subfield code="k">um 1760</marc:subfield>
          </marc:datafield>
          <marc:datafield tag="260" ind1=" " ind2=" ">
            <marc:subfield code="g">1760</marc:subfield>
            <marc:subfield code="g">um 1760</marc:subfield>
          </marc:datafield>
          <marc:datafield tag="300" ind1=" " ind2=" ">
            <marc:subfield code="a">Höhe: 87 cm
Breite: 74,5 cm
Tiefe: 34,5 cm</marc:subfield>
          </marc:datafield>
          <marc:datafield tag="520" ind1=" " ind2=" ">
            <marc:subfield code="a">Über einem konkav-konvex geschwungenen Fußgestell mit Nussbaumfurnier erhebt sich das etwas eingerückte Kastenmöbel, das dem Umriss des Sockels folgt. Unter einer niedrigen Schublade befinden sich zwei Schranktüren mit aufgesetzter Schlagleiste und zwei Horizontalleisten, die den Eindruck erzeugen, es handele sich bei dem Möbel um eine Kommode. Die Kanten des Möbels sind holzsichtig. Die Flächen dazwischen sind mit Mosaikbildern aus Glasperlen, die auf einen textilen Träger aufgenäht sind, versehen:
Platte: stilisierte Landschaft mit Häusern, Bäumen, Brunnen, Mann mit Pferd, Pfau auf Baum, Schäferpaar.
Vorderfront: eine zweimal wiederkehrende Kaskade, Landschaften mit Häusern, Bäumen und Vögeln sowie ländlicher Staffage (Angler, Früchte pflückendes Mädchen, an einem Gitter stehende Frauen).
Seitenflächen: drei horizontale Zonen mit Blumenbeeten, Häusern in Landschaft, Schwäne.
An den Seiten ist jeweils ein Tragegriff aus Messing montiert. Schlüsselschilde aus Messing an der Schublade und den Türen. (SMBS)

Veröffentlicht in:
„Neuerwerbungen der Stadt Braunschweig 1945 - 1959“. Stadt Braunschweig, Braunschweig, 1959. (Nr. M 57.)

Veröffentlicht in:
H. Graf, „Die Braunschweiger Korallenfabrik des Johann Michael van Selow“, Reihe Braunschweigisches Kunsthandwerk, Bd. 5. Richard Borek Stiftung, Braunschweig, 2023. (S. 288-289, Nr. 12.4.)</marc:subfield>
          </marc:datafield>
          <marc:datafield tag="500" ind1=" " ind2=" ">
            <marc:subfield code="a">Kauf

Mai 1950

VerkäuferIn: Erich Pfeiffer</marc:subfield>
          </marc:datafield>
          <marc:datafield tag="650" ind1="1" ind2=" ">
            <marc:subfield code="a">Möbel &gt; Behältnismöbel &gt; Schrank</marc:subfield>
          </marc:datafield>
          <marc:datafield tag="650" ind1="1" ind2=" ">
            <marc:subfield code="a">Gebrauchsgegenstand</marc:subfield>
          </marc:datafield>
          <marc:datafield tag="650" ind1="1" ind2=" ">
            <marc:subfield code="a">Sonderformen (Schränke)</marc:subfield>
          </marc:datafield>
          <marc:datafield tag="773" ind1="0" ind2=" ">
            <marc:subfield code="t">Sammlung Kunstgewerbe</marc:subfield>
          </marc:datafield>
          <marc:datafield tag="852" ind1=" " ind2=" ">
            <marc:subfield code="a">Städtisches Museum Braunschweig</marc:subfield>
          </marc:datafield>
          <marc:datafield tag="852" ind1=" " ind2=" ">
            <marc:subfield code="a">Braunschweig</marc:subfield>
          </marc:datafield>
          <marc:datafield tag="" ind1=" " ind2=" ">
            <marc:subfield code="a">Namensnennung - Nicht kommerziell - Keine Bearbeitungen 4.0 International (CC BY-NC-ND 4.0)</marc:subfield>
          </marc:datafield>
        </marc:record>
      </metadata>
    </record>
  </GetRecord>
</OAI-PMH>
